[Event "English Open Championship 2024"]
[Site "Holiday Inn, 212 Abbey End, Kenilworth CV8 1ED, United Kingdom"]
[Date "2024.06.21"]
[Round "4.11"]
[White "Nicholas, Koichi B"]
[Black "Badacsonyi, Frankie"]
[Result "1/2-1/2"]
[TimeControl "G90 + 30secs/move"]
[WhiteFideId "409820"]
[BlackFideId "460400"]
[WhiteElo "2130"]
[BlackElo "2204"]

1. e4 {[%clk 01:28:38]} {[%emt 00:02:13]} c5 {[%clk 01:30:44]} {[%emt
00:00:25]} 2. Nf3 {[%clk 01:28:58]} {[%emt 00:00:09]} d6 {[%clk 01:31:04]}
{[%emt 00:00:11]} 3. d4 {[%clk 01:29:18]} {[%emt 00:00:09]} cxd4 {[%clk
01:31:22]} {[%emt 00:00:12]} 4. Nxd4 {[%clk 01:29:40]} {[%emt 00:00:08]} Nf6
{[%clk 01:31:46]} {[%emt 00:00:06]} 5. Nc3 {[%clk 01:29:58]} {[%emt 00:00:12]}
Nc6 {[%clk 01:31:41]} {[%emt 00:00:34]} 6. Be2 {[%clk 01:25:15]} {[%emt
00:05:13]} e5 {[%clk 01:28:15]} {[%emt 00:03:57]} 7. Nb3 {[%clk 01:20:55]}
{[%emt 00:04:50]} Be6 {[%clk 01:28:07]} {[%emt 00:00:39]} 8. Bg5 {[%clk
01:18:26]} {[%emt 00:02:58]} Be7 {[%clk 01:27:18]} {[%emt 00:01:20]} 9. Bxf6
{[%clk 01:17:16]} {[%emt 00:01:39]} gxf6 {[%clk 01:20:07]} {[%emt 00:07:41]} 10.
g4 {[%clk 01:12:45]} {[%emt 00:05:02]} Qd7 {[%clk 01:16:01]} {[%emt 00:04:36]}
11. h3 {[%clk 01:11:53]} {[%emt 00:01:20]} O-O-O {[%clk 01:07:49]} {[%emt
00:08:42]} 12. Nd5 {[%clk 01:09:06]} {[%emt 00:03:17]} Kb8 {[%clk 01:05:17]}
{[%emt 00:03:03]} 13. Qd2 {[%clk 01:03:57]} {[%emt 00:05:38]} h5 {[%clk
01:04:24]} {[%emt 00:01:24]} 14. O-O-O {[%clk 00:57:03]} {[%emt 00:07:23]} hxg4
{[%clk 00:59:43]} {[%emt 00:05:12]} 15. hxg4 {[%clk 00:56:32]} {[%emt
00:01:00]} Rxh1 {[%clk 00:58:44]} {[%emt 00:01:31]} 16. Rxh1 {[%clk 00:56:56]}
Bxg4 {[%clk 00:58:25]} {[%emt 00:00:54]} 17. f3 {[%clk 00:55:20]} {[%emt
00:02:05]} Be6 {[%clk 00:58:12]} {[%emt 00:00:44]} 18. Bb5 {[%clk 00:55:34]}
{[%emt 00:00:16]} Rc8 {[%clk 00:50:53]} {[%emt 00:07:49]} 19. Na5 {[%clk
00:52:08]} {[%emt 00:03:56]} Bd8 {[%clk 00:50:10]} {[%emt 00:01:13]} 20. Nc4
{[%clk 00:49:42]} {[%emt 00:02:56]} f5 {[%clk 00:45:16]} {[%emt 00:05:24]} 21.
Rh7 {[%clk 00:45:30]} {[%emt 00:04:41]} fxe4 {[%clk 00:43:39]} {[%emt
00:02:08]} 22. fxe4 {[%clk 00:45:52]} {[%emt 00:00:08]} Bc7 {[%clk 00:30:35]}
{[%emt 00:13:35]} 23. Nxc7 {[%clk 00:29:42]} {[%emt 00:16:40]} Qxc7 {[%clk
00:19:20]} {[%emt 00:11:45]} 1/2-1/2

[Event "English Open Championship 2024"]
[Site "Holiday Inn, 212 Abbey End, Kenilworth CV8 1ED, United Kingdom"]
[Date "2024.06.21"]
[Round "4.12"]
[White "Okhai, Shabir"]
[Black "Savidge, Daniel"]
[Result "1/2-1/2"]
[TimeControl "G90 + 30secs/move"]
[WhiteFideId "445134"]
[BlackFideId "450332"]
[WhiteElo "2099"]
[BlackElo "2085"]

1. e4 {[%clk 01:30:58]} {[%emt 00:00:01]} g6 {[%clk 01:30:50]} {[%emt
00:00:10]} 2. d4 {[%clk 01:31:22]} {[%emt 00:00:05]} Bg7 {[%clk 01:31:17]}
{[%emt 00:00:04]} 3. Nf3 {[%clk 01:31:41]} {[%emt 00:00:11]} d6 {[%clk
01:31:43]} {[%emt 00:00:05]} 4. Be3 {[%clk 01:32:04]} {[%emt 00:00:07]} Nd7
{[%clk 01:28:52]} {[%emt 00:03:21]} 5. Nc3 {[%clk 01:30:11]} {[%emt 00:02:22]}
a6 {[%clk 01:29:16]} {[%emt 00:00:06]} 6. Qd2 {[%clk 01:30:23]} {[%emt
00:00:18]} b5 {[%clk 01:29:10]} {[%emt 00:00:37]} 7. a4 {[%clk 01:21:21]}
{[%emt 00:09:31]} b4 {[%clk 01:29:28]} {[%emt 00:00:12]} 8. Nd5 {[%clk
01:21:20]} {[%emt 00:00:31]} c5 {[%clk 01:24:25]} {[%emt 00:05:34]} 9. c3
{[%clk 01:14:29]} {[%emt 00:07:21]} e6 {[%clk 01:13:26]} {[%emt 00:11:29]} 10.
Nf4 {[%clk 01:13:35]} {[%emt 00:01:23]} Ngf6 {[%clk 01:12:20]} {[%emt
00:01:36]} 11. Bd3 {[%clk 01:09:38]} {[%emt 00:04:27]} Bb7 {[%clk 01:11:19]}
{[%emt 00:01:32]} 12. cxb4 {[%clk 00:58:16]} {[%emt 00:11:51]} cxd4 {[%clk
01:09:42]} {[%emt 00:02:08]} 13. Nxd4 {[%clk 00:58:21]} {[%emt 00:00:24]} Qe7
{[%clk 00:50:56]} {[%emt 00:19:16]} 14. Nb3 {[%clk 00:53:16]} {[%emt 00:05:35]}
e5 {[%clk 00:40:10]} {[%emt 00:11:16]} 15. Ne2 {[%clk 00:47:49]} {[%emt
00:05:57]} Nxe4 {[%clk 00:36:31]} {[%emt 00:04:08]} 16. Bxe4 {[%clk 00:47:17]}
{[%emt 00:01:03]} Bxe4 {[%clk 00:36:59]} {[%emt 00:00:03]} 17. f3 {[%clk
00:45:16]} {[%emt 00:02:29]} Bf5 {[%clk 00:35:49]} {[%emt 00:01:41]} 18. Na5
{[%clk 00:38:45]} {[%emt 00:07:01]} Rc8 {[%clk 00:33:20]} {[%emt 00:02:59]} 19.
Ng3 {[%clk 00:30:16]} {[%emt 00:08:59]} Be6 {[%clk 00:31:30]} {[%emt 00:02:19]}
20. Ne4 {[%clk 00:24:00]} {[%emt 00:06:46]} d5 {[%clk 00:31:44]} {[%emt
00:00:17]} 21. Nc5 {[%clk 00:23:49]} {[%emt 00:00:41]} d4 {[%clk 00:27:38]}
{[%emt 00:04:36]} 22. Nxe6 {[%clk 00:21:38]} {[%emt 00:02:40]} Qxe6 {[%clk
00:27:55]} {[%emt 00:00:14]} 23. Bf2 {[%clk 00:20:34]} {[%emt 00:01:33]} O-O
{[%clk 00:26:29]} {[%emt 00:01:56]} 24. O-O {[%clk 00:20:15]} {[%emt 00:00:49]}
Qd5 {[%clk 00:21:03]} {[%emt 00:05:57]} 25. Rac1 {[%clk 00:18:18]} {[%emt
00:02:28]} f5 {[%clk 00:20:59]} {[%emt 00:00:33]} 26. Rfd1 {[%clk 00:17:51]}
{[%emt 00:00:57]} Nb6 {[%clk 00:17:08]} {[%emt 00:04:21]} 27. b3 {[%clk
00:18:15]} {[%emt 00:00:05]} Rxc1 {[%clk 00:16:14]} {[%emt 00:01:25]} 28. Rxc1
{[%clk 00:18:21]} {[%emt 00:00:24]} Rc8 {[%clk 00:16:38]} {[%emt 00:00:05]} 29.
Rxc8+ {[%clk 00:17:45]} {[%emt 00:01:07]} Nxc8 {[%clk 00:17:06]} {[%emt
00:00:01]} 30. Qd3 {[%clk 00:17:22]} {[%emt 00:00:54]} e4 {[%clk 00:17:04]}
{[%emt 00:00:31]} 31. Qxa6 {[%clk 00:14:37]} {[%emt 00:03:16]} Nd6 {[%clk
00:15:12]} {[%emt 00:02:22]} 32. fxe4 {[%clk 00:12:38]} {[%emt 00:02:29]} fxe4
{[%clk 00:15:31]} {[%emt 00:00:11]} 33. Bg3 {[%clk 00:08:16]} {[%emt 00:04:52]}
d3 {[%clk 00:14:19]} {[%emt 00:01:42]} 34. Bxd6 {[%clk 00:07:30]} {[%emt
00:01:15]} Qd4+ {[%clk 00:14:30]} {[%emt 00:00:20]} 35. Kf1 {[%clk 00:07:49]}
{[%emt 00:00:10]} Qa1+ {[%clk 00:08:16]} {[%emt 00:06:45]} 36. Kf2 {[%clk
00:08:14]} {[%emt 00:00:05]} Qd4+ {[%clk 00:08:03]} {[%emt 00:00:42]} 37. Kf1
{[%clk 00:08:28]} {[%emt 00:00:16]} Qa1+ {[%clk 00:06:41]} {[%emt 00:01:53]} 38.
Kf2 {[%clk 00:08:57]} {[%emt 00:00:01]} Qd4+ {[%clk 00:02:53]} {[%emt
00:04:18]} 1/2-1/2

[Event "English Open Championship 2024"]
[Site "Holiday Inn, 212 Abbey End, Kenilworth CV8 1ED, United Kingdom"]
[Date "2024.06.21"]
[Round "4.13"]
[White "Murawski, Jan"]
[Black "Atako, Chino C"]
[Result "1-0"]
[TimeControl "G90 + 30secs/move"]
[WhiteFideId "21009287"]
[BlackFideId "468649"]
[WhiteElo "2134"]
[BlackElo "2003"]

1. d4 {[%clk 01:30:58]} {[%emt 00:00:01]} d5 {[%clk 01:26:49]} {[%emt
00:04:11]} 2. c4 {[%clk 01:31:26]} {[%emt 00:00:02]} dxc4 {[%clk 01:27:09]}
{[%emt 00:00:10]} 3. e3 {[%clk 01:31:29]} {[%emt 00:00:27]} e5 {[%clk
01:26:58]} {[%emt 00:00:42]} 4. Bxc4 {[%clk 01:31:28]} {[%emt 00:00:30]} exd4
{[%clk 01:27:18]} {[%emt 00:00:10]} 5. Nf3 {[%clk 01:29:23]} {[%emt 00:02:35]}
Nf6 {[%clk 01:27:12]} {[%emt 00:00:36]} 6. Qb3 {[%clk 01:27:03]} {[%emt
00:02:50]} Be6 {[%clk 01:22:51]} {[%emt 00:04:51]} 7. Bxe6 {[%clk 01:25:09]}
{[%emt 00:02:24]} fxe6 {[%clk 01:23:15]} {[%emt 00:00:06]} 8. Qxe6+ {[%clk
01:24:18]} {[%emt 00:01:20]} Be7 {[%clk 01:22:39]} {[%emt 00:01:07]} 9. Nxd4
{[%clk 01:04:05]} {[%emt 00:20:43]} Qd7 {[%clk 01:22:07]} {[%emt 00:01:02]} 10.
b3 {[%clk 00:55:51]} {[%emt 00:08:45]} Qxe6 {[%clk 01:22:12]} {[%emt 00:00:24]}
11. Nxe6 {[%clk 00:56:16]} {[%emt 00:00:04]} Kf7 {[%clk 01:22:08]} {[%emt
00:00:35]} 12. Nd4 {[%clk 00:54:35]} {[%emt 00:02:11]} Na6 {[%clk 01:21:48]}
{[%emt 00:00:51]} 13. Ba3 {[%clk 00:51:59]} {[%emt 00:03:05]} Bb4+ {[%clk
01:21:33]} {[%emt 00:00:45]} 14. Ke2 {[%clk 00:49:41]} {[%emt 00:02:47]} Rhd8
{[%clk 01:21:10]} {[%emt 00:00:54]} 15. Bxb4 {[%clk 00:47:49]} {[%emt
00:02:22]} Nxb4 {[%clk 01:21:37]} {[%emt 00:00:03]} 16. Nc3 {[%clk 00:47:52]}
{[%emt 00:00:28]} c5 {[%clk 01:21:58]} {[%emt 00:00:08]} 17. Nf3 {[%clk
00:47:36]} {[%emt 00:00:45]} Ke7 {[%clk 01:18:18]} {[%emt 00:04:10]} 18. a3
{[%clk 00:44:15]} {[%emt 00:03:53]} Nbd5 {[%clk 01:15:52]} {[%emt 00:02:55]} 19.
Rac1 {[%clk 00:40:04]} {[%emt 00:04:39]} Rac8 {[%clk 01:16:16]} {[%emt
00:00:08]} 20. Ne5 {[%clk 00:38:06]} {[%emt 00:02:28]} Ke6 {[%clk 01:13:19]}
{[%emt 00:03:27]} 21. Nd3 {[%clk 00:34:15]} {[%emt 00:04:21]} b6 {[%clk
01:11:09]} {[%emt 00:02:40]} 22. Nxd5 {[%clk 00:33:58]} {[%emt 00:00:47]} Nxd5
{[%clk 01:11:34]} {[%emt 00:00:06]} 23. e4 {[%clk 00:34:08]} {[%emt 00:00:19]}
Ne7 {[%clk 01:10:18]} {[%emt 00:01:46]} 24. Ke3 {[%clk 00:30:10]} {[%emt
00:04:28]} Rd4 {[%clk 01:05:50]} {[%emt 00:04:58]} 25. Rc4 {[%clk 00:22:48]}
{[%emt 00:07:53]} Nc6 {[%clk 01:04:32]} {[%emt 00:01:47]} 26. Nf4+ {[%clk
00:20:28]} {[%emt 00:02:50]} Ke5 {[%clk 01:04:31]} {[%emt 00:00:31]} 27. Nd5
{[%clk 00:18:33]} {[%emt 00:02:25]} Kd6 {[%clk 00:52:30]} {[%emt 00:12:31]} 28.
Nc3 {[%clk 00:10:32]} {[%emt 00:08:32]} Ke6 {[%clk 00:50:54]} {[%emt 00:02:05]}
29. Ne2 {[%clk 00:09:56]} {[%emt 00:01:06]} Rd7 {[%clk 00:49:39]} {[%emt
00:01:44]} 30. Nf4+ {[%clk 00:09:10]} {[%emt 00:01:16]} Kf7 {[%clk 00:49:21]}
{[%emt 00:00:47]} 31. Nd3 {[%clk 00:06:48]} {[%emt 00:02:54]} Rcd8 {[%clk
00:49:13]} {[%emt 00:00:38]} 32. Rc3 {[%clk 00:07:00]} {[%emt 00:00:18]} a5
{[%clk 00:49:11]} {[%emt 00:00:33]} 33. f3 {[%clk 00:04:20]} {[%emt 00:03:10]}
Ke7 {[%clk 00:48:52]} {[%emt 00:00:48]} 34. Nf4 {[%clk 00:04:12]} {[%emt
00:00:39]} Kf7 {[%clk 00:48:29]} {[%emt 00:00:52]} 35. Nd5 {[%clk 00:04:05]}
{[%emt 00:00:38]} Rb7 {[%clk 00:48:52]} {[%emt 00:00:07]} 36. Rb1 {[%clk
00:03:22]} {[%emt 00:01:13]} Nd4 {[%clk 00:48:24]} {[%emt 00:00:58]} 37. b4
{[%clk 00:02:26]} {[%emt 00:01:27]} Nb5 {[%clk 00:48:14]} {[%emt 00:00:40]} 38.
bxc5 {[%clk 00:01:31]} {[%emt 00:01:25]} Nxc3 {[%clk 00:48:18]} {[%emt
00:00:25]} 39. Nxc3 {[%clk 00:01:59]} {[%emt 00:00:02]} Rbd7 {[%clk 00:48:01]}
{[%emt 00:00:47]} 40. Nd5 {[%clk 00:01:54]} {[%emt 00:00:35]} bxc5 {[%clk
00:47:40]} {[%emt 00:00:51]} 41. Rb5 {[%clk 00:01:46]} {[%emt 00:00:38]} a4
{[%clk 00:45:06]} {[%emt 00:03:03]} 42. Rxc5 {[%clk 00:01:28]} {[%emt
00:00:49]} Rb8 {[%clk 00:45:27]} {[%emt 00:00:09]} 43. Nb4 {[%clk 00:01:07]}
{[%emt 00:00:50]} Ra8 {[%clk 00:43:40]} {[%emt 00:02:18]} 44. h4 {[%clk
00:00:39]} {[%emt 00:00:59]} g6 {[%clk 00:43:51]} {[%emt 00:00:18]} 45. g4
{[%clk 00:00:43]} {[%emt 00:00:26]} Rd1 {[%clk 00:40:34]} {[%emt 00:03:46]} 46.
h5 {[%clk 00:00:41]} {[%emt 00:00:32]} gxh5 {[%clk 00:40:23]} {[%emt 00:00:41]}
47. gxh5 {[%clk 00:01:04]} {[%emt 00:00:08]} Rb1 {[%clk 00:40:11]} {[%emt
00:00:41]} 48. Kf4 {[%clk 00:00:39]} {[%emt 00:00:56]} Rb3 {[%clk 00:40:14]}
{[%emt 00:00:27]} 49. Nc2 {[%clk 00:00:42]} {[%emt 00:00:27]} Ke7 {[%clk
00:39:52]} {[%emt 00:00:52]} 50. h6 {[%clk 00:00:33]} {[%emt 00:00:40]} Rf8+
{[%clk 00:38:48]} {[%emt 00:01:34]} 51. Ke5 {[%clk 00:00:59]} {[%emt 00:00:03]}
Kd7 {[%clk 00:29:03]} {[%emt 00:10:15]} 52. Rd5+ {[%clk 00:00:37]} {[%emt
00:00:53]} Kc7 {[%clk 00:29:21]} {[%emt 00:00:11]} 53. Nd4 {[%clk 00:00:47]}
{[%emt 00:00:19]} Re8+ {[%clk 00:27:43]} {[%emt 00:02:08]} 54. Kf6 {[%clk
00:01:09]} {[%emt 00:00:09]} Rb6+ {[%clk 00:27:57]} {[%emt 00:00:15]} 55. Kf7
{[%clk 00:00:52]} {[%emt 00:00:47]} Ra8 {[%clk 00:27:35]} {[%emt 00:00:51]} 56.
Ne6+ {[%clk 00:00:37]} {[%emt 00:00:46]} Kb7 {[%clk 00:27:08]} {[%emt
00:00:57]} 57. f4 {[%clk 00:00:56]} {[%emt 00:00:11]} Rc8 {[%clk 00:24:16]}
{[%emt 00:03:22]} 58. f5 {[%clk 00:00:39]} {[%emt 00:00:47]} Rc3 {[%clk
00:23:59]} {[%emt 00:00:46]} 59. Rd7+ {[%clk 00:00:35]} {[%emt 00:00:34]} Kb8
{[%clk 00:24:04]} {[%emt 00:00:25]} 60. Rd8+ {[%clk 00:00:58]} {[%emt
00:00:09]} Ka7 {[%clk 00:24:14]} {[%emt 00:00:18]} 61. Rd7+ {[%clk 00:00:37]}
{[%emt 00:00:52]} Ka6 {[%clk 00:23:38]} {[%emt 00:01:06]} 62. Nc7+ {[%clk
00:00:41]} {[%emt 00:00:26]} 1-0

[Event "English Open Championship 2024"]
[Site "Holiday Inn, 212 Abbey End, Kenilworth CV8 1ED, United Kingdom"]
[Date "2024.06.21"]
[Round "4.14"]
[White "Mikalajunas, Kajus"]
[Black "Seymour, Timothy P"]
[Result "0-1"]
[TimeControl "G90 + 30secs/move"]
[WhiteFideId "483621"]
[BlackFideId "412112"]
[WhiteElo "1995"]
[BlackElo "2113"]

1. d4 {[%clk 01:30:54]} {[%emt 00:00:05]} d5 {[%clk 01:30:37]} {[%emt
00:00:23]} 2. c4 {[%clk 01:30:15]} {[%emt 00:01:10]} e6 {[%clk 01:31:05]}
{[%emt 00:00:02]} 3. Nc3 {[%clk 01:30:35]} {[%emt 00:00:10]} Be7 {[%clk
01:30:59]} {[%emt 00:00:35]} 4. cxd5 {[%clk 01:30:51]} {[%emt 00:00:14]} exd5
{[%clk 01:31:27]} {[%emt 00:00:03]} 5. Bf4 {[%clk 01:31:01]} {[%emt 00:00:19]}
c6 {[%clk 01:31:52]} {[%emt 00:00:06]} 6. e3 {[%clk 01:31:21]} {[%emt
00:00:09]} Bf5 {[%clk 01:32:18]} {[%emt 00:00:05]} 7. g4 {[%clk 01:31:12]}
{[%emt 00:00:39]} Be6 {[%clk 01:32:39]} {[%emt 00:00:09]} 8. Bd3 {[%clk
01:29:59]} {[%emt 00:01:43]} Nd7 {[%clk 01:30:02]} {[%emt 00:03:07]} 9. f3
{[%clk 01:28:56]} {[%emt 00:01:32]} Bh4+ {[%clk 01:17:06]} {[%emt 00:13:26]} 10.
Bg3 {[%clk 01:29:06]} {[%emt 00:00:21]} h5 {[%clk 01:15:53]} {[%emt 00:01:43]}
11. gxh5 {[%clk 01:19:28]} {[%emt 00:10:08]} Rxh5 {[%clk 00:57:30]} {[%emt
00:18:52]} 12. Nge2 {[%clk 01:18:04]} {[%emt 00:01:53]} Qg5 {[%clk 00:55:27]}
{[%emt 00:02:34]} 13. Kd2 {[%clk 01:13:35]} {[%emt 00:04:59]} Bf5 {[%clk
00:41:48]} {[%emt 00:14:10]} 14. Bf4 {[%clk 00:48:14]} {[%emt 00:25:51]} Qg2
{[%clk 00:27:43]} {[%emt 00:14:34]} 15. Qb3 {[%clk 00:29:28]} {[%emt 00:19:16]}
Nb6 {[%clk 00:25:34]} {[%emt 00:02:40]} 16. a4 {[%clk 00:27:25]} {[%emt
00:02:33]} Bxd3 {[%clk 00:24:22]} {[%emt 00:01:41]} 17. Kxd3 {[%clk 00:27:54]}
{[%emt 00:00:02]} Qg6+ {[%clk 00:21:27]} {[%emt 00:03:25]} 18. Kd2 {[%clk
00:25:39]} {[%emt 00:02:45]} Nc4+ {[%clk 00:21:38]} {[%emt 00:00:18]} 19. Kc1
{[%clk 00:25:30]} {[%emt 00:00:40]} O-O-O {[%clk 00:21:20]} {[%emt 00:00:47]}
20. a5 {[%clk 00:21:54]} {[%emt 00:04:06]} Qe6 {[%clk 00:19:43]} {[%emt
00:02:06]} 21. Na4 {[%clk 00:21:54]} {[%emt 00:00:31]} Bf2 {[%clk 00:17:32]}
{[%emt 00:02:41]} 22. Nc5 {[%clk 00:19:45]} {[%emt 00:02:39]} Bxe3+ {[%clk
00:17:30]} {[%emt 00:00:33]} 23. Bxe3 {[%clk 00:11:17]} {[%emt 00:08:57]} Qxe3+
{[%clk 00:17:58]} {[%emt 00:00:02]} 24. Qxe3 {[%clk 00:11:45]} {[%emt
00:00:02]} Nxe3 {[%clk 00:18:24]} {[%emt 00:00:04]} 25. Ng3 {[%clk 00:11:02]}
{[%emt 00:01:11]} Rh4 {[%clk 00:12:38]} {[%emt 00:06:17]} 26. b3 {[%clk
00:10:43]} {[%emt 00:00:49]} Rxd4 {[%clk 00:08:16]} {[%emt 00:04:52]} 27. Ra2
{[%clk 00:11:13]} {[%emt 00:00:01]} Ne7 {[%clk 00:07:11]} {[%emt 00:01:32]} 28.
Re1 {[%clk 00:10:22]} {[%emt 00:01:23]} N7f5 {[%clk 00:07:19]} {[%emt
00:00:22]} 29. Rae2 {[%clk 00:10:39]} {[%emt 00:00:13]} Nxg3 {[%clk 00:07:00]}
{[%emt 00:00:50]} 30. hxg3 {[%clk 00:10:52]} {[%emt 00:00:16]} Nf5 {[%clk
00:07:24]} {[%emt 00:00:06]} 31. g4 {[%clk 00:11:01]} {[%emt 00:00:20]} Nd6
{[%clk 00:07:48]} {[%emt 00:00:06]} 32. Re7 {[%clk 00:09:35]} {[%emt 00:01:57]}
b6 {[%clk 00:02:22]} {[%emt 00:05:57]} 33. Na6 {[%clk 00:07:35]} {[%emt
00:02:29]} Rd7 {[%clk 00:02:46]} {[%emt 00:00:06]} 34. Kb1 {[%clk 00:06:06]}
{[%emt 00:02:00]} Rd1+ {[%clk 00:02:21]} {[%emt 00:00:54]} 35. Rxd1 {[%clk
00:06:11]} {[%emt 00:00:24]} Rxe7 {[%clk 00:02:50]} {[%emt 00:00:02]} 36. Rc1
{[%clk 00:05:17]} {[%emt 00:01:24]} Kb7 {[%clk 00:00:53]} {[%emt 00:02:27]} 37.
Nb4 {[%clk 00:05:45]} {[%emt 00:00:02]} bxa5 {[%clk 00:00:47]} {[%emt
00:00:37]} 38. Nxc6 {[%clk 00:05:54]} {[%emt 00:00:20]} Rc7 {[%clk 00:00:44]}
{[%emt 00:00:33]} 39. Nxa5+ {[%clk 00:05:53]} {[%emt 00:00:31]} Kb6 {[%clk
00:01:12]} {[%emt 00:00:02]} 40. Rxc7 {[%clk 00:05:57]} Kxc7 {[%clk 00:01:41]}
{[%emt 00:00:28]} 41. Kc2 {[%clk 00:05:47]} {[%emt 00:00:39]} Kb6 {[%clk
00:02:00]} {[%emt 00:00:11]} 42. b4 {[%clk 00:06:10]} {[%emt 00:00:07]} Kb5
{[%clk 00:02:22]} {[%emt 00:00:07]} 43. Kd3 {[%clk 00:06:22]} {[%emt 00:00:18]}
Kxb4 {[%clk 00:02:02]} {[%emt 00:00:51]} 44. Nc6+ {[%clk 00:06:51]} {[%emt
00:00:02]} Kc5 {[%clk 00:02:20]} {[%emt 00:00:11]} 45. Nxa7 {[%clk 00:06:44]}
{[%emt 00:00:37]} g5 {[%clk 00:01:07]} {[%emt 00:01:43]} 46. Ke3 {[%clk
00:06:49]} {[%emt 00:00:25]} d4+ {[%clk 00:01:25]} {[%emt 00:00:12]} 47. Kd3
{[%clk 00:07:13]} {[%emt 00:00:07]} f6 {[%clk 00:01:40]} {[%emt 00:00:14]} 48.
Kd2 {[%clk 00:06:49]} {[%emt 00:00:54]} Kb6 {[%clk 00:02:09]} {[%emt 00:00:02]}
49. Kd3 {[%clk 00:07:12]} {[%emt 00:00:08]} Kxa7 {[%clk 00:02:35]} {[%emt
00:00:04]} 50. Kxd4 {[%clk 00:07:35]} {[%emt 00:00:07]} Kb6 {[%clk 00:02:33]}
{[%emt 00:00:31]} 51. Kd5 {[%clk 00:08:04]} {[%emt 00:00:02]} Nf7 {[%clk
00:01:14]} {[%emt 00:01:47]} 52. f4 {[%clk 00:07:36]} {[%emt 00:00:59]} gxf4
{[%clk 00:01:26]} {[%emt 00:00:18]} 53. Ke4 {[%clk 00:08:06]} {[%emt 00:00:01]}
Kc6 {[%clk 00:01:34]} {[%emt 00:00:21]} 54. Kxf4 {[%clk 00:08:19]} {[%emt
00:00:17]} Kd6 {[%clk 00:02:01]} {[%emt 00:00:03]} 55. Kf5 {[%clk 00:08:38]}
{[%emt 00:00:12]} Ke7 {[%clk 00:02:29]} {[%emt 00:00:01]} 56. Kg6 {[%clk
00:08:40]} {[%emt 00:00:28]} Ke6 {[%clk 00:02:56]} {[%emt 00:00:03]} 57. Kg7
{[%clk 00:08:51]} {[%emt 00:00:19]} Ne5 {[%clk 00:03:20]} {[%emt 00:00:07]} 0-1